| 000 | 00621nam a2200193Ia 4500 | ||
|---|---|---|---|
| 003 | GCL | ||
| 008 | 140319s9999 xx 000 0 ara d | ||
| 040 |
_aGCL / _cGCL |
||
| 082 | 0 | 4 |
_a922.1 _bم م |
| 100 | 1 | _aمصطفى عبدالرازق | |
| 245 | 1 | 0 |
_aمحمد عبده / _cمصطفى عبدالرازق |
| 260 |
_aالقاهرة : _bمطبعة دار الكتب المصرية ، _c1997 |
||
| 300 |
_a132 ص ؛ _c19 سم |
||
| 650 | 0 | 4 | _aالاسلام - تراجم |
| 650 | 0 | 4 | _aعلماء الاسلام |
| 650 | 0 | 4 | _aمحمد عبده (الامام) |
| 650 | 0 | 4 | _aالرجال - تراجم |
| 942 |
_2ddc _cBK |
||
| 999 |
_c51006 _d51006 |
||